000 00520nam a22001697a 4500
999 _c61195
_d61195
005 20231229142250.0
008 231229s1979 ru ||||| |||| 00| 0 rus d
041 _arus
080 _a94(395) Ц-27
100 _aЦветаева, Г.А.
_920934
245 _aБоспор и Рим /
_cГ.А. Цветаева.
264 _aМ.:
_bНаука,
_c1979.
300 _a135 с.:
_bил.;
_c22 см.
653 _aბოსფორი და რომი
653 _aისტორია
942 _2udc
_cᲬᲘᲒᲜᲘ